Les participants des combats à gimmicks dans les PPV AEW - Statistiques

Statistiques générales
  • Ce quiz a été pris 16 fois
  • Le résultat moyen est 188 sur 253
Statistiques - réponses
Hint Réponse % Correct
Stadium Stampede Adam Page Double Or Nothing 2020
100%
Big Money Adam Page Revolution 2021
100%
Texas Death Adam Page Revolution 2023
100%
Anarchy In The Arena Adam Page Double Or Nothing 2023
100%
Texas Death Adam Page Full Gear 2023
100%
Casino Gauntlet Adam Page All In 2024
100%
Lights Out Steel Cage Adam Page All Out 2024
100%
Anarchy In The Arena Bryan Danielson Double Or Nothing 2022
100%
60 min Iron Man Bryan Danielson Revolution 2023
100%
Anarchy In The Arena Bryan Danielson Double Or Nothing 2023
100%
No Disqualification Strap Bryan Danielson All Out 2023
100%
Anarchy In The Arena Bryan Danielson Double or Nothing 2024
100%
Dog Collar CM Punk Revolution 2022
100%
Lights Out Jon Moxley Fyter Fest 2019
100%
Lights Out Jon Moxley Full Gear 2019
100%
I Quit Jon Moxley Full Gear 2020
100%
Exploding Barbed Wire Death Jon Moxley Revolution 2021
100%
Anarchy In The Arena Jon Moxley Double Or Nothing 2022
100%
Texas Death Jon Moxley Revolution 2023
100%
Anarchy In The Arena Jon Moxley Double Or Nothing 2023
100%
Stadium Stampede Jon Moxley All In 2023
100%
Anarchy In The Arena Kazuchika Okada Double or Nothing 2024
100%
Casino Gauntlet Kazuchika Okada All In 2024
100%
Lights Out Kenny Omega Full Gear 2019
100%
Stadium Stampede Kenny Omega Double Or Nothing 2020
100%
Exploding Barbed Wire Death Kenny Omega Revolution 2021
100%
Anarchy In The Arena Kenny Omega Double Or Nothing 2023
100%
Shot vs Disbandment Kenny Omega Full Gear 2023
100%
Falls Count Anywhere Adam Cole Full Gear 2021
92%
Unsanctionned Match Adam Cole Double Or Nothing 2023
92%
Stadium Stampede Chris Jericho Double Or Nothing 2020
92%
Mimosa Mayhem Chris Jericho All Out 2020
92%
Stadium Stampede Chris Jericho Double or Nothing 2021
92%
Minneapolis Street Fight Chris Jericho Full Gear 2021
92%
Anarchy In The Arena Chris Jericho Double Or Nothing 2022
92%
Unsanctionned Match Chris Jericho Double Or Nothing 2023
92%
Shot vs Disbandment Chris Jericho Full Gear 2023
92%
All Star 8-man Scramble Chris Jericho Revolution 2024
92%
FTW Rules Chris Jericho Dynasty 2024
92%
FTW Rules Chris Jericho All In 2024
92%
Falls Count Anywhere Christian Cage Full Gear 2021
92%
Face Of The Revolution Ladder Christian Cage Revolution 2022
92%
Final Burial Christian Cage Revolution 2023
92%
Ladder Christian Cage Double Or Nothing 2023
92%
Coffin Christian Cage All In 2023
92%
Best 2 out of 3 Falls Christian Cage Wrestledream 2023
92%
No Disqualification Christian Cage Worlds End 2023
92%
London Ladder Christian Cage All In 2024
92%
Casino Gauntlet Christian Cage All In 2024
92%
Casino Ladder Claudio Castagnoli All Out 2022
92%
Anarchy In The Arena Claudio Castagnoli Double Or Nothing 2023
92%
Stadium Stampede Claudio Castagnoli All In 2023
92%
London Ladder Claudio Castagnoli All In 2024
92%
Cracker Barrel Clash Darby Allin All Out 2019
92%
Casino Ladder Darby Allin Double Or Nothing 2020
92%
Street Fight Darby Allin Revolution 2021
92%
Tornado Six Man Tag Darby Allin Revolution 2022
92%
No Disqualification Darby Allin Full Gear 2022
92%
Coffin Darby Allin All In 2023
92%
Best 2 out of 3 Falls Darby Allin Wrestledream 2023
92%
Tornado Tag Team Darby Allin Revolution 2024
92%
Anarchy In The Arena Darby Allin Double or Nothing 2024
92%
Coffin Darby Allin All In 2024
92%
All Star 8-man Scramble Hook Revolution 2024
92%
FTW Rules Hook Dynasty 2024
92%
FTW Rules Hook All In 2024
92%
Steel Cage Jack Perry Full Gear 2022
92%
Final Burial Jack Perry Revolution 2023
92%
Anarchy In The Arena Jack Perry Double or Nothing 2024
92%
Ladder Jack Perry Forbidden Door 2024
92%
Coffin Jack Perry All In 2024
92%
Falls Count Anywhere Jungle Boy Full Gear 2021
92%
Ladder Matt Jackson All Out 2019
92%
Stadium Stampede Matt Jackson Double Or Nothing 2020
92%
Steel Cage Matt Jackson All Out 2021
92%
Falls Count Anywhere Matt Jackson Full Gear 2021
92%
Anarchy In The Arena Matt Jackson Double Or Nothing 2023
92%
Shot vs Disbandment Matt Jackson Full Gear 2023
92%
Stadium Stampede MJF Double or Nothing 2021
92%
Dog Collar MJF Revolution 2022
92%
Casino Ladder MJF All Out 2022
92%
60 min Iron Man MJF Revolution 2023
92%
2 on 1 Handicap MJF Wrestledream 2023
92%
Ladder Nick Jackson All Out 2019
92%
Stadium Stampede Nick Jackson Double Or Nothing 2020
92%
Steel Cage Nick Jackson All Out 2021
92%
Falls Count Anywhere Nick Jackson Full Gear 2021
92%
Anarchy In The Arena Nick Jackson Double Or Nothing 2023
92%
Shot vs Disbandment Nick Jackson Full Gear 2023
92%
Face Of The revolution Ladder Penta El Zero Miedo Revolution 2021
92%
Steel Cage Penta El Zero Miedo All Out 2021
92%
Casino Ladder Penta El Zero Miedo All Out 2022
92%
Stadium Stampede Penta El Zero Miedo All In 2023
92%
Ladder Pentagon jr All Out 2019
92%
Street Fight Sting Revolution 2021
92%
Tornado Six Man Tag Sting Revolution 2022
92%
No Disqualification Sting Full Gear 2022
92%
Coffin Sting All In 2023
92%
Tornado Tag Team Sting Revolution 2024
92%
Coffin Swerve Strickland All In 2023
92%
Texas Death Swerve Strickland Full Gear 2023
92%
Lights Out Steel Cage Swerve Strickland All Out 2024
92%
Casino Ladder Wheeler Yuta All Out 2022
92%
Anarchy In The Arena Wheeler Yuta Double Or Nothing 2023
92%
Stadium Stampede Wheeler Yuta All In 2023
92%
London Ladder Wheeler Yuta All In 2024
92%
Stadium Stampede Cash Wheeler Double or Nothing 2021
83%
Ladder Cash Wheeler Full Gear 2023
83%
Ladder Cash Wheeler Dynasty 2024
83%
Anarchy In The Arena Cash Wheeler Double or Nothing 2024
83%
Face Of The revolution Ladder Cody Rhodes Revolution 2021
83%
Face Of The revolution Ladder Ethan Page Revolution 2021
83%
Minneapolis Street Fight Ethan Page Full Gear 2021
83%
London Ladder Killswitch All In 2024
83%
Steel Cage Kyle Fletcher Revolution 2025
83%
Casino Ladder Luchasaurus Double Or Nothing 2020
83%
Falls Count Anywhere Luchasaurus Full Gear 2021
83%
Steel Cage Luchasaurus Full Gear 2022
83%
Casino Gauntlet Luchasaurus All In 2024
83%
Ladder Malakai Black Full Gear 2023
83%
Barbed Wire Steel Cage Malakai Black Double or Nothing 2024
83%
London Ladder Malakai Black All In 2024
83%
Stadium Stampede Mike Santana All In 2023
83%
Casino Ladder Orange Cassidy Double Or Nothing 2020
83%
Mimosa Mayhem Orange Cassidy All Out 2020
83%
Face Of The Revolution Ladder Orange Cassidy Revolution 2022
83%
Stadium Stampede Orange Cassidy All In 2023
83%
Casino Gauntlet Orange Cassidy All In 2024
83%
Ladder Rey Fenix All Out 2019
83%
Steel Cage Rey Fenix All Out 2021
83%
Casino Ladder Rey Fenix All Out 2022
83%
Stadium Stampede Sammy Guevara Double Or Nothing 2020
83%
Broken Rules Sammy Guevara All Out 2020
83%
Elite Deletion Sammy Guevara Full Gear 2020
83%
Stadium Stampede Sammy Guevara Double or Nothing 2021
83%
Minneapolis Street Fight Sammy Guevara Full Gear 2021
83%
Tornado Six Man Tag Sammy Guevara Revolution 2022
83%
Stadium Stampede Santana Double Or Nothing 2020
83%
Stadium Stampede Santana Double or Nothing 2021
83%
Minneapolis Street Fight Santana Full Gear 2021
83%
Anarchy In The Arena Santana Double Or Nothing 2022
83%
Hollywood Ending Toni Storm Revolution 2025
83%
Steel Cage Will Ospreay Revolution 2025
83%
No Disqualification Adam Copeland Worlds End 2023
75%
Barbed Wire Steel Cage Adam Copeland Double or Nothing 2024
75%
Ladder Brody King Full Gear 2023
75%
London Ladder Brody King All In 2024
75%
London Ladder Buddy Matthews All In 2024
75%
Stadium Stampede Dax Harwood Double or Nothing 2021
75%
Ladder Dax Harwood Full Gear 2023
75%
Ladder Dax Harwood Dynasty 2024
75%
Anarchy In The Arena Dax Harwood Double or Nothing 2024
75%
I Quit Eddie Kingston Full Gear 2020
75%
Anarchy In The Arena Eddie Kingston Double Or Nothing 2022
75%
Stadium Stampede Eddie Kingston All In 2023
75%
Tornado Six Man Tag Isiah Kassidy Revolution 2022
75%
Face Of The Revolution Ladder Keith Lee Revolution 2022
75%
Tijuana Street Fight Mariah May Worlds End 2024
75%
Hollywood Ending Mariah May Revolution 2025
75%
Tornado Tag Team Matthew Jackson Revolution 2024
75%
Ladder Matthew Jackson Dynasty 2024
75%
Anarchy In The Arena Matthew Jackson Double or Nothing 2024
75%
Tornado Tag Team Nicholas Jackson Revolution 2024
75%
Ladder Nicholas Jackson Dynasty 2024
75%
Anarchy In The Arena Nicholas Jackson Double or Nothing 2024
75%
Stadium Stampede Ortiz Double Or Nothing 2020
75%
Stadium Stampede Ortiz Double or Nothing 2021
75%
Minneapolis Street Fight Ortiz Full Gear 2021
75%
Anarchy In The Arena Ortiz Double Or Nothing 2022
75%
Stadium Stampede Ortiz All In 2023
75%
London Ladder PAC All In 2024
75%
Stadium Stampede Wardlow Double or Nothing 2021
75%
Face Of The Revolution Ladder Wardlow Revolution 2022
75%
Ladder Wardlow Double Or Nothing 2023
75%
All Star 8-man Scramble Wardlow Revolution 2024
75%
London Ladder Austin Gunn All In 2024
67%
Casino Ladder Brian Cage Double Or Nothing 2020
67%
Street Fight Brian Cage Revolution 2021
67%
All Star 8-man Scramble Brian Cage Revolution 2024
67%
London Ladder Colten Gunn All In 2024
67%
Stadium Stampede Matt Hardy Double Or Nothing 2020
67%
Broken Rules Matt Hardy All Out 2020
67%
Elite Deletion Matt Hardy Full Gear 2020
67%
Big Money Matt Hardy Revolution 2021
67%
Tornado Six Man Tag Matt Hardy Revolution 2022
67%
Casino Ladder Scorpio Sky Double Or Nothing 2020
67%
Face Of The revolution Ladder Scorpio Sky Revolution 2021
67%
Minneapolis Street Fight Scorpio Sky Full Gear 2021
67%
Tijuana Street Fight Thunder Rosa Worlds End 2024
67%
Tornado Six Man Tag Andrade El Idolo Revolution 2022
58%
Casino Ladder Andrade El Idolo All Out 2022
58%
Ladder Big Bill Full Gear 2023
58%
Tooths And Nails Britt Baker DMD All Out 2020
58%
Anarchy In The Arena Daniel Garcia Double Or Nothing 2022
58%
London Ladder Juice Robinson All In 2024
58%
Ladder Konosuke Takeshita Forbidden Door 2024
58%
Chicago Street Fight Kris Statlander All Out 2024
58%
London Ladder Nick Wayne All In 2024
58%
Casino Gauntlet Nigel McGuinness All In 2024
58%
Casino Gauntlet Ricochet All In 2024
58%
Stadium Stampede Jake Hager Double Or Nothing 2020
50%
Stadium Stampede Jake Hager Double or Nothing 2021
50%
Minneapolis Street Fight Jake Hager Full Gear 2021
50%
Anarchy In The Arena Jake Hager Double Or Nothing 2022
50%
Face Of The Revolution Ladder Powerhouse Hobbs Revolution 2022
50%
All Star 8-man Scramble Powerhouse Hobbs Revolution 2024
50%
Street Fight Ricky Starks Revolution 2021
50%
Face Of The Revolution Ladder Ricky Starks Revolution 2022
50%
No Disqualification Strap Ricky Starks All Out 2023
50%
Ladder Ricky Starks Full Gear 2023
50%
Anarchy In The Arena Angelo Parker Double Or Nothing 2022
42%
Stadium Stampede Chuck Taylor All In 2023
42%
Casino Gauntlet Kyle O'reilly All In 2024
42%
Face Of The revolution Ladder Lance Archer Revolution 2021
42%
All Star 8-man Scramble Lance Archer Revolution 2024
42%
Ladder Lio Rush Forbidden Door 2024
42%
Ladder Mark Briscoe Forbidden Door 2024
42%
Casino Gauntlet Mark Briscoe All In 2024
42%
Anarchy In The Arena Matt Menard Double Or Nothing 2022
42%
Face Of The revolution Ladder Max Caster Revolution 2021
42%
Casino Gauntlet Roderick Strong All In 2024
42%
Stadium Stampede Shawn Spears Double or Nothing 2021
42%
Stadium Stampede Trent Beretta All In 2023
42%
Chicago Street Fight Willow Nightingale All Out 2024
42%
Best 2 out of 3 Falls Beast Mortos Wrestledream 2024
33%
Casino Ladder Dante Martin All Out 2022
33%
All Star 8-man Scramble Dante Martin Revolution 2024
33%
Ladder Dante Martin Forbidden Door 2024
33%
No Disqualification Hikaru Shida Double Or Nothing 2020
33%
Best 2 out of 3 Falls Hologram Wrestledream 2024
33%
No Disqualification Jay Lethal Full Gear 2022
33%
No Disqualification Jeff Jarrett Full Gear 2022
33%
Casino Gauntlet Jeff Jarrett All In 2024
33%
Lights Out Joey Janela Fyter Fest 2019
33%
Cracker Barrel Clash Joey Janela All Out 2019
33%
Casino Ladder Joey Janela Double Or Nothing 2020
33%
No Disqualification Nyla Rose Double Or Nothing 2020
33%
Casino Ladder Rush All Out 2022
33%
Ladder Rush Full Gear 2023
33%
2 on 1 Handicap Vincent Wrestledream 2023
33%
2 on 1 Handicap Dutch Wrestledream 2023
25%
Casino Gauntlet Zack Sabre Jr All In 2024
25%
Tooths And Nails Big Swole All Out 2020
17%
Casino Ladder Colt Cabana Double Or Nothing 2020
17%
Minneapolis Street Fight Dan Lambert Full Gear 2021
17%
Ladder Dralistico Full Gear 2023
17%
Ladder El Phantasmo Forbidden Door 2024
17%
Casino Ladder Frankie Kazarian Double Or Nothing 2020
17%
Cracker Barrel Clash Jimmy Havoc All Out 2019
17%
Casino Ladder Kip Sabian Double Or Nothing 2020
17%
Minneapolis Street Fight Andrei Arlovski Full Gear 2021
8%
Minneapolis Street Fight Junior Dos Santos Full Gear 2021
8%
All Star 8-man Scramble Magnus Revolution 2024
8%
Aucun quiz correspondant
Distribution des résultats
% des personnes avec chaque résultat
Percentile par nombre de réponses
Votre historique - résultats
Vous n’avez pas pris ce quiz